000 00296nam a2200097Ia 4500
008 220120s9999||||xx |||||||||||||| ||und||
100 _aVidya, M.S
_912256
245 0 _aObject recognition using sift algorithm
260 _aCoorg Institute of Technology
_bPonnampet
_c2010
650 _aCOMPUTER SCIENCE
999 _c137842
_d137842